| 000 | 00721cam a2200229 4500 | ||
|---|---|---|---|
| 001 | L136807 | ||
| 008 | 070226n1928 000 0 eng u | ||
| 035 | _a(Sirsi) u136807 | ||
| 041 | 0 | _aeng | |
| 050 | 0 | 4 | _a729.28 $2 18 |
| 100 | 1 | _aWaldram, Percy J. | |
| 245 | 0 | 4 | _aThe estimation of damage in ancient lights disputes |
| 260 |
_a[S.l.] _b[s.n.] _c1928 |
||
| 300 |
_a14p. _c22cm. |
||
| 350 | _a0 | ||
| 490 | 0 |
_aSurveyors Institution Transactions _v175-188(14) |
|
| 520 | _aPaper given at the Surveyors' Institution 5 March 1928. | ||
| 651 | 4 | _aInternational | |
| 690 | _aBUILT ENVIRONMENT-BUILDING ELEMENTS-COMPLETE BUILDING SERVICES ELEMENTS-COMPLETE LIGHTING SYSTEMS | ||
| 942 | _n0 | ||
| 948 | _c04/03/1997 | ||
| 999 |
_c106509 _d106509 |
||